|
|
|
|
| LEADER |
03772nam a2200769 4500 |
| 001 |
ocn825198129 |
| 003 |
OCoLC |
| 005 |
20170124071748.4 |
| 006 |
m o d |
| 007 |
cr ||||||||||| |
| 008 |
130124s2013 nju ob 001 0 eng |
| 010 |
|
|
|a 2013003138
|
| 040 |
|
|
|a DLC
|b eng
|e rda
|e pn
|c DLC
|d DG1
|d TEFOD
|d NOC
|d OCLCF
|d YDXCP
|d MNY
|d E7B
|d CDX
|d GPM
|d MMI
|d FTU
|d IDEBK
|d CNNAI
|d RECBK
|d DEBBG
|d TEFOD
|d OCLCQ
|d ISM
|d C6I
|d GrThAP
|
| 019 |
|
|
|a 842854764
|a 847729059
|a 892428445
|a 898985867
|
| 020 |
|
|
|a 9781118614211
|q (epub)
|
| 020 |
|
|
|a 1118614216
|q (epub)
|
| 020 |
|
|
|a 9781118614051
|q (pdf)
|
| 020 |
|
|
|a 1118614054
|q (pdf)
|
| 020 |
|
|
|a 9781118614051
|q (mobipocket)
|
| 020 |
|
|
|a 1118614054
|q (mobipocket)
|
| 020 |
|
|
|a 9781118631324
|
| 020 |
|
|
|a 1118631323
|
| 020 |
|
|
|a 9781118614907
|
| 020 |
|
|
|a 1118614909
|
| 020 |
|
|
|a 1299314910
|
| 020 |
|
|
|a 9781299314917
|
| 020 |
|
|
|a 1118487575
|
| 020 |
|
|
|a 9781118487570
|
| 020 |
|
|
|z 9781118487570
|q (hbk.)
|
| 028 |
0 |
1 |
|a EB00063972
|b Recorded Books
|
| 029 |
1 |
|
|a AU@
|b 000053299319
|
| 029 |
1 |
|
|a CHNEW
|b 000607962
|
| 029 |
1 |
|
|a DEBBG
|b BV041905122
|
| 029 |
1 |
|
|a NZ1
|b 15340530
|
| 029 |
1 |
|
|a DEBBG
|b BV043395314
|
| 035 |
|
|
|a (OCoLC)825198129
|z (OCoLC)842854764
|z (OCoLC)847729059
|z (OCoLC)892428445
|z (OCoLC)898985867
|
| 037 |
|
|
|a 462741
|b MIL
|
| 037 |
|
|
|a 9E29C00C-52F5-49B9-BE71-80E2E5154C2C
|b OverDrive, Inc.
|n http://www.overdrive.com
|
| 042 |
|
|
|a pcc
|
| 050 |
0 |
0 |
|a HG177
|
| 072 |
|
7 |
|a 783
|2 bisacsh
|
| 082 |
0 |
0 |
|a 658.15/224
|2 23
|
| 049 |
|
|
|a MAIN
|
| 100 |
1 |
|
|a Pettey, Janice Gow.
|
| 245 |
1 |
0 |
|a Nonprofit fundraising strategy :
|b a guide to ethical decision making and regulation for nonprofit organizations /
|c Janice Gow Pettey.
|
| 264 |
|
1 |
|a Hoboken, NJ :
|b John Wiley & Sons,
|c 2013.
|
| 300 |
|
|
|a 1 online resource.
|
| 336 |
|
|
|a text
|b txt
|2 rdacontent
|
| 337 |
|
|
|a computer
|b c
|2 rdamedia
|
| 338 |
|
|
|a online resource
|b cr
|2 rdacarrier
|
| 490 |
1 |
|
|a The AFP fund development series
|
| 500 |
|
|
|a Includes index.
|
| 505 |
0 |
|
|a About the editor -- Contributing authors -- Foreword / Andrew Watt -- Preface / Robert L. Payton -- Acknowledgments -- Introduction -- Fundraisers and the good life / Paul C. Pribbenow -- The appearance of impropriety / Dianne Lister -- Rights of donors / James M. Greenfield, ACFRE, FAHP -- Public privacy : an Exploration of issues of privacy and fundraising / Eugene A. Scanlan -- Appendix A: ethical codes and standards -- Appendix B: Websites for international fundraising codes of ethics and standards -- Appendix C: Statement of values and standards for excellence of the Tucson Symphony Society dba Tucson Symphony Orchestra.
|
| 588 |
0 |
|
|a Print version record and CIP data provided by publisher.
|
| 504 |
|
|
|a Includes bibliographical references (at end of each chapter and at pages 435-441) and index.
|
| 520 |
|
|
|a Practical tools and techniques to incorporate ethical standards and practices in nonprofit fundraisingNonprofit Fundraising Strategy features a wealth of practical tools to help fundraising practitioners, board members, and governing boards implement these essential concepts into their own organizations.
|
| 650 |
|
0 |
|a Fund raising.
|
| 650 |
|
0 |
|a Nonprofit organizations
|x Finance.
|
| 650 |
|
7 |
|a Betriebswirtschaft.
|2 bisacsh
|
| 650 |
|
7 |
|a Fund raising.
|2 fast
|0 (OCoLC)fst00936143
|
| 650 |
|
7 |
|a Nonprofit organizations
|x Finance.
|2 fast
|0 (OCoLC)fst01038899
|
| 655 |
|
4 |
|a Electronic books.
|
| 655 |
|
7 |
|a Electronic books.
|2 local
|
| 776 |
0 |
8 |
|i Print version:
|a Pettey, Janice Gow.
|t Nonprofit fundraising strategy.
|d Hoboken : Wiley, 2013
|z 9781118487570
|w (DLC) 2012048296
|
| 830 |
|
0 |
|a AFP fund development series.
|
| 856 |
4 |
0 |
|u https://doi.org/10.1002/9781118631324
|z Full Text via HEAL-Link
|
| 994 |
|
|
|a 92
|b DG1
|